Top 10 Countries that the Most Productions Watermelon - Statistics

General Stats
  • This quiz has been taken 18 times
  • The average score is 8 of 10
Answer Stats
Hint Answer % Correct
79.240.000 ton/year (Asia) China
100%
1.190.000 ton/year America) Mexico
100%
1.820.000 ton/year (America) United States
94%
2.090.000 ton/year (America) Brazil
89%
1.870.000 ton/year (Africa) Algeria
78%
1.680.000 ton/year (Africa) Egypt
78%
3.810.000 ton/year (Asia) Iran
78%
1.750.000 ton/year (Europe) Russia
78%
3.920.000 ton/year (Asia) Turkey
78%
1.970.000 ton/year (Asia) Uzbekistan
50%
No matching quizzes found
Score Distribution
Percent of People with Each Score
Percentile by Number Answered
Your Score History
You have not taken this quiz